Benefits of Sites of Special Scientific Interest (Record no. 112688)

MARC details
000 -LEADER
fixed length control field 01128cad a22001935a 4500
001 - CONTROL NUMBER
control field L153762
008 - FIXED-LENGTH DATA ELEMENTS--GENERAL INFORMATION
fixed length control field 110825s2011 xxk f 000 0 eng d
035 ## - SYSTEM CONTROL NUMBER
System control number (Sirsi) u153762
041 0# - LANGUAGE CODE
Language code of text/sound track or separate title eng
110 2# - MAIN ENTRY--CORPORATE NAME
Corporate name or jurisdiction name as entry element United Kingdom
Subordinate unit Department for Environment Food and Rural Affairs
245 00 - TITLE STATEMENT
Title Benefits of Sites of Special Scientific Interest
Medium [electronic resource]
260 ## - PUBLICATION, DISTRIBUTION, ETC.
Place of publication, distribution, etc. London
Name of publisher, distributor, etc. DEFRA
Date of publication, distribution, etc. 2011
520 ## - SUMMARY, ETC.
Summary, etc. Explores the range of valuable ecosystem services that Sites of Special Scientific Interest (SSSIs) provide and gives estimates for the monetary value of the benefits derived from protecting biodiversity. The study shows that SSSIs deliver a range of ecosystem service including cultural services to people and the economy including tourism and education and by regulating services including water purification and regulation of climate.
590 ## - LOCAL NOTE (RLIN)
Local note KA NTK
651 #4 - SUBJECT ADDED ENTRY--GEOGRAPHIC NAME
Geographic name England
Chronological subdivision 886-
690 ## - LOCAL SUBJECT ADDED ENTRY--TOPICAL TERM (OCLC, RLIN)
Topical term or geographic name as entry element ENVIRONMENTAL AND LAND CONSULTANCY-LAND MANAGEMENT
856 40 - ELECTRONIC LOCATION AND ACCESS
Uniform Resource Identifier <a href="https://randd.defra.gov.uk/Document.aspx?Document=finalreportsssis-benefits.pdf">https://randd.defra.gov.uk/Document.aspx?Document=finalreportsssis-benefits.pdf</a>
Public note View the report free of charge at www.defra.gov.uk
942 ## - ADDED ENTRY ELEMENTS (KOHA)
Suppress in OPAC 0
Holdings
Withdrawn status Lost status Source of classification or shelving scheme Damaged status Not for loan Home library Current library Shelving location Date acquired Total Checkouts Full call number Barcode Date last seen Copy number Price effective from Koha item type
    Dewey Decimal Classification     Virtual Virtual Online 25/08/2011   ONLINE PUBLICATION 153762-2001 06/08/2019 1 06/08/2019 Book